Responses for show #5986 - Monday, September 27, 2010

Kara Spak game 3.

Contestants

[<< previous game]

Robert Villarreal, an online music teacher from Pepper Pike, Ohio

Beth Eckerd, a psychology professor from McKinleyville, California

Kara Spak, a newspaper reporter from Chicago, Illinois (whose 2-day cash winnings total $39,201)

[next game >>]

Jeopardy! Round responses

SCULPTORS
RECENT MOVIES
GOOD OLD SOUTHERN EATS
U.S. BODIES OF WATER
"B" IN FASHION
WORDS FROM THE PERSIAN
    $200 26
cars

Kara
    $200 12
Iron Man

Kara
    $200 9
greens

Kara
    $200 6
the Finger Lakes

Kara
    $200 1
a belt

Kara
    $200 22
candy

Robert
    $400 27
Picasso

Robert
    $400 11
Inception

Kara
    $400 15
hush puppies

Kara
    $400 14
the Platte

Kara
    $400 2
a blazer

Kara
    $400 21
a shawl

Robert
    $600 28
Michelangelo

Triple Stumper
    $600 10
Salt

Kara
    $600 16
pecan pie

Beth
    $600 25
(Alex: With a minute to go.)

the Columbia

Beth
    $600 3
bobby socks

Kara
    $600 20
a bazaar

Robert
    $800 29
Rodin

Robert
    $800 8
Joan Rivers

Robert
    $800 17
(Kara: What is country ham?)

Smithfield ham

KaraRobert
    $2,000 24
(Robert: What is the Tampa Bay?)

Biscayne Bay

Robert
    $800 4
beret

Kara
    $800 18
a caravan

Kara
    $1000 30
(Alexander) Calder

Robert
    $1000 7
Get Him to the Greek

Kara
    $1000 13
okra

Beth
    $1000 23
Georgia

Triple Stumper
    $1000 5
Buster Brown

Beth
    $1000 19
jasmine

Kara

Scores at the first commercial break (after clue 16):

Kara Beth Robert
$5,400 $2,600 $800

Scores at the end of the Jeopardy! Round:

Kara Beth Robert
$6,600 $3,200 $3,000

Double Jeopardy! Round responses

THE NP FOR L
(Alex: The Nobel Prize for Literature--but you guys figured that out already, I'm sure.)
DAFFYNITIONS
-OLOGIES
WHAT'S IN STORE?
PUT UP YOUR DUKES
FIGHT LIKE A MAN
    $400 2
(William Butler) Yeats

Kara
    $400 15
(Kara: What is plunder?)

selfish/sell fish

Kara
Triple Stumper
    $400 13
caves

Robert
    $400 7
scanners

Kara
    $400 12
Duke of Windsor

Beth
    $400 1
(Kara: Who is Sugar Ray Leonard?)

Sugar Ray Robinson

KaraBeth
    $800 3
Thomas Mann

Triple Stumper
    $800 16
a parasite/Paris sight

Robert
    $800 14
(Kara: What are ferns?)

trees

Kara
Triple Stumper
    $800 8
dressing rooms

Kara
    $800 23
(Alex: With less than a minute to go.)

the Duke of York

Kara
    $800 24
Oscar De La Hoya

Triple Stumper
    $2,000 4
(Kara: Who is--Robert--Knight?)
(Alex: You're gonna hate yourself for this one--[*].)

Rudyard Kipling

Kara
    $1200 17
intense/in tents

Robert
    $1200 20
cells

Beth
    $1200 9
the spine

Robert
    $400 26
[The end-of-round signal sounds.]

the Duke of Normandy

Kara
    $1200 25
Thomas "The Hit Man" Hearns

Triple Stumper
    $1600 5
(Hermann) Hesse

Robert
    $1600 18
eclipse/'e clips

Kara
    $1600 21
radiology

Beth
    $1600 10
dry goods

Kara
    $2000 6
Rabindranath Tagore

Triple Stumper
    $2000 19
(Kara: What is escapes?)

avoidable/avoid a bull

Kara
Triple Stumper
    $2000 22
(Alex: Minute to go now, Beth.)

exobiology

Triple Stumper
    $2000 11
(Robert: What is tamper resistant?)

clamshell coverings

Robert
Triple Stumper

Scores at the end of the Double Jeopardy! Round:

Kara Beth Robert
$7,000 $6,800 $6,200

[wagering suggestions for these scores]

Final Jeopardy! Round responses

NATIONAL HISTORIC SITES
RobertWho is the Crimson Tide?
$0
BethWho are the Tukegee Airmen
$5,601
KaraWho are the Tuskegee airman airmen?
$6,601
the Tuskegee Airmen

Final scores:

Kara Beth Robert
$13,601 $12,401 $6,200
3-day champion: $52,802 2nd place: $2,000 3rd place: $1,000

Game dynamics:

Coryat scores:

Kara Beth Robert
$9,800 $6,800 $8,200
22 R
(including 1 DD),
6 W
(including 1 DD)
8 R,
0 W
13 R,
2 W
(including 1 DD)

Combined Coryat: $24,800

The J! Archive is created by fans, for fans. The Jeopardy! game show and all elements thereof, including but not limited to copyright and trademark thereto, are the property of Jeopardy Productions, Inc. and are protected under law. This website is not affiliated with, sponsored by, or operated by Jeopardy Productions, Inc. Join the discussion at JBoard.tv.